| 000 | 00647cam a22002293a 4500 | ||
|---|---|---|---|
| 001 | 22909 | ||
| 003 | PGUSA | ||
| 005 | 20140828083504.0 | ||
| 008 | 071007s2007||||xxu|||||s|||||000 1 eng d | ||
| 040 |
_aPGUSA _beng |
||
| 042 | _adc | ||
| 050 | 4 | _aPQ | |
| 100 | 1 |
_aFeuillet, Octave, _d1821-1890 |
|
| 245 | 1 | 0 |
_aLa Novela de un Joven Pobre _h[electronic resource] / _cOctave Feuillet |
| 260 |
_bProject Gutenberg, _c2007 |
||
| 506 | _aPublic domain in the USA. | ||
| 516 | _aElectronic text | ||
| 653 | _aYoung men -- France -- Fiction | ||
| 830 | 0 |
_aProject Gutenberg _v22909 |
|
| 856 | 4 | 0 | _uhttp://www.gutenberg.org/ebooks/22909 |
| 942 | _cEB | ||
| 999 |
_c252164 _d252164 |
||